000 00333nam a22001457a 4500
008 210526b ||||| |||| 00| 0 eng d
020 _a9780803622210
041 _aeng
080 _23rd
_a610.73
082 _a610.73
100 _a1
101 _aINF
245 _aNursing Diagnosis Manual
_cMarilynn E. Doenges
942 _2udc
_cBK
999 _c57615
_d57615